Countries Ever Controlled by Poland - Sudden Death! - Statistics

General Stats
  • This quiz has been taken 83 times
    42 since last reset
  • The average score is 10 of 21
Answers on the Grid
Answers color-coded by a green-red scale on the quiz's grid according to % correct below.
Afghanistan
Austria
Belarus
Bosnia and Herzegovina
Brazil
Croatia
Czechia
Dominican Republic
Estonia
Finland
France
Gambia
Germany
Guinea
Hungary
Italy
Japan
Latvia
Lithuania
Mali
Mauritania
Moldova
Norway
Poland
Portugal
Romania
Russia
Senegal
Serbia
Slovakia
Slovenia
Sweden
Trinidad and Tobago
Ukraine
United Kingdom
United States
 
Answer Stats
Answer % Correct
Lithuania
80%
Poland
80%
Russia
73%
Czechia
67%
Estonia
67%
Germany
67%
Latvia
67%
Belarus
60%
Slovakia
60%
Ukraine
53%
Austria
47%
Slovenia
47%
Bosnia and Herzegovina
40%
Moldova
40%
Romania
40%
Serbia
40%
Croatia
33%
Hungary
33%
Gambia
7%
Trinidad and Tobago
7%
Senegal
0%
No matching quizzes found
Score Distribution
Percent of People with Each Score
Percentile by Number Answered
Your Score History
You have not taken this quiz since the last reset